Estudios sobre escritores de América (Record no. 5120)
[ view plain ]
| 000 -LEADER | |
|---|---|
| campo de control de longitud fija | 01042nmc a2200361 a 4500 |
| 003 - IDENTIFICADOR DE NÚMERO DE CONTROL | |
| campo de control | AR-BaBNM |
| 005 - FECHA Y HORA DE LA ÚLTIMA TRANSACCIÓN | |
| campo de control | 20251128203834.0 |
| 008 - DATOS DE LONGITUD FIJA--INFORMACIÓN GENERAL | |
| campo de control de longitud fija | 236019s1954 ||||||||||||||000 | spa|| |
| 040 ## - FUENTE DE CATALOGACIÓN | |
| Centro/agencia transcriptor | AR-BaBNM |
| 100 1# - ENTRADA PRINCIPAL--NOMBRE DE PERSONA | |
| Nombre de persona | Anderson Imbert, Enrique |
| 245 10 - MENCIÓN DEL TÍTULO | |
| Título | Estudios sobre escritores de América |
| 260 ## - PUBLICACIÓN, DISTRIBUCIÓN, ETC. | |
| Lugar de publicación, distribución, etc. | Buenos Aires |
| Nombre del editor, distribuidor, etc. | Raigal |
| Fecha de publicación, distribución, etc. | 1954 |
| 300 0# - DESCRIPCIÓN FÍSICA | |
| Extensión | 222 p. |
| 490 #0 - MENCIÓN DE SERIE | |
| Mención de serie | Biblioteca Juan María Gutiérrez |
| 500 0# - NOTA GENERAL | |
| Nota general | Contiene índice y referencia de cada uno de los estudios |
| 600 14 - PUNTO DE ACCESO ADICIONAL DE MATERIA--NOMBRE DE PERSONA | |
| Nombre de persona | Casas, Bartolomé de Las |
| 600 14 - PUNTO DE ACCESO ADICIONAL DE MATERIA--NOMBRE DE PERSONA | |
| Nombre de persona | Sarmiento, Domingo Faustino |
| Fechas asociadas al nombre | 1868-1874 |
| 600 14 - PUNTO DE ACCESO ADICIONAL DE MATERIA--NOMBRE DE PERSONA | |
| Nombre de persona | Echeverría, Esteban |
| Fechas asociadas al nombre | 1805-1851 |
| 600 14 - PUNTO DE ACCESO ADICIONAL DE MATERIA--NOMBRE DE PERSONA | |
| Nombre de persona | Isaacs, Jorge |
| 600 14 - PUNTO DE ACCESO ADICIONAL DE MATERIA--NOMBRE DE PERSONA | |
| Nombre de persona | Marti, José |
| 600 14 - PUNTO DE ACCESO ADICIONAL DE MATERIA--NOMBRE DE PERSONA | |
| Nombre de persona | Henriquez Ureña, Pedro |
| 650 #4 - PUNTO DE ACCESO ADICIONAL DE MATERIA--TÉRMINO DE MATERIA | |
| Término de materia o nombre geográfico como elemento de entrada | LITERATURA LATINOAMERICANA |
| 650 #4 - PUNTO DE ACCESO ADICIONAL DE MATERIA--TÉRMINO DE MATERIA | |
| Término de materia o nombre geográfico como elemento de entrada | ESCRITORES |
| 650 #4 - PUNTO DE ACCESO ADICIONAL DE MATERIA--TÉRMINO DE MATERIA | |
| Término de materia o nombre geográfico como elemento de entrada | ANALISIS LITERARIO |
| 650 #4 - PUNTO DE ACCESO ADICIONAL DE MATERIA--TÉRMINO DE MATERIA | |
| Término de materia o nombre geográfico como elemento de entrada | ENSAYO |
| 650 #4 - PUNTO DE ACCESO ADICIONAL DE MATERIA--TÉRMINO DE MATERIA | |
| Término de materia o nombre geográfico como elemento de entrada | HISTORIA LITERARIA |
| 650 #4 - PUNTO DE ACCESO ADICIONAL DE MATERIA--TÉRMINO DE MATERIA | |
| Término de materia o nombre geográfico como elemento de entrada | ROMANTICISMO |
| 653 #0 - TÉRMINO DE INDIZACIÓN--NO CONTROLADO | |
| Término no controlado | MODERNISMO |
| 655 ## - TERMINO DE INDIZACIÓN--GENERO/FORMA | |
| Datos o término principal de género/forma | LITERATURA |
| 800 1# - PUNTO DE ACCESO ADICIONAL DE SERIE--NOMBRE DE PERSONA | |
| Nombre de persona | Ghiano, Juan Carlos |
| Término indicativo de función/relación | director |
| 942 ## - ELEMENTOS DE ENTRADA SECUNDARIOS (KOHA) | |
| Tipo de ítem Koha | Libros |
| 998 ## - INFORMACIÓN DE CONTROL LOCAL (RLIN) | |
| Iniciales del catalogador, CIN (RLIN) | isola |
| Estatus retirado | Estado de pérdida | Fuente de la clasificación o esquema de estantería | Estado de daño | Restricciones de uso | No para préstamo | Biblioteca de origen | Biblioteca actual | Fecha de adquisición | Total de préstamos | Signatura topográfica completa | Código de barras | Visto por última vez | Precio de reemplazo | Tipo de ítem Koha |
|---|---|---|---|---|---|---|---|---|---|---|---|---|---|---|
| Clasificación Decimal Dewey | Acceso restringido | No para préstamo | Liberty | Liberty | 28/11/2025 | 82.09 ANDE | 065179 | 28/11/2025 | 28/11/2025 | Libros |